000 00515nam a2200145 a 4500
008 120416s0000 ||||||||||||||||| || u
020 _a0192627473
050 _aHQ 792.2 Bel
100 _aBellamy, Carol
245 1 4 _aThe State of the world's children, 1996
260 _aOxford
_bOxford University Press
_c1996
300 _a103p. : ill
350 _a0.00
995 _D0.00
_FCBU-MAIN LIBRARY (Kitwe)
_H1
_I10.95
_UAVAILABLE
_ZMain Library Open Access Collection
999 _c58228
_d58228